000 00539nam a2200205Ia 4500
008 180523s9999 xx 000 0 und d
020 _a1-59139-973-4
050 _aMAIN HF 5549.5
050 _b.R48 2006
245 0 _aRetaining your best people /
260 _aBoston, MA :
260 _bHarvard Business School Press,
260 _c2006
300 _a172 pages :
300 _c21 cm.
440 _aThe results-driven manager
650 _aEmployee retention.
650 _aLabor turnover.
650 _xPersonnel management.
999 _c357180
_d357180